Vista normal
Vista MARC
Entrada Corporate Name
Número de registros utilizados en: 1
001 - CONTROL NUMBER
- control field: 36179
003 - CONTROL NUMBER IDENTIFIER
- control field: OSt
005 - DATE AND TIME OF LATEST TRANSACTION
- control field: 20210316141101.0
008 - FIXED-LENGTH DATA ELEMENTS
- fixed length control field: 210316|| aca||aabn | a|a d
040 ## - CATALOGING SOURCE
- Original cataloging agency: OSt
- Transcribing agency: OSt
110 ## - HEADING--CORPORATE NAME
- Corporate name or jurisdiction name as entry element: Servicio Nacional de Aprendizaje
- General subdivision: Administración
670 ## - SOURCE DATA FOUND
- Source citation: Work cat.: (OSt): Sánchez Medina, Alvaro, autor 36178, Sena 45 años : , ©2002